Normal view
MARC view
- GAS RADIATION 3-60 HEAT TRANSFER IN FLAMES 83-161 GAS PHASE RADIATIVE AND CONVECHIVE INTERACTION 173-254 MEASURMENT OF RADIATIVE AND CONVECTUIVE HEAT TRANSFER 273-332 HEAT TRANSFER IN COMBUSTION EQUIPMENT 353-508 HEAT TRANSFER IN FIRE 525-602
Entry Topical Term
001 - CONTROL NUMBER
- control field: 67237
003 - CONTROL NUMBER IDENTIFIER
- control field: NUST
005 - DATE AND TIME OF LATEST TRANSACTION
- control field: 20210628203755.0
008 - FIXED-LENGTH DATA ELEMENTS
- fixed length control field: 210628|| aca||aabn | a|a d
040 ## - CATALOGING SOURCE
- Original cataloging agency: NUST
- Transcribing agency: NUST
150 ## - HEADING--TOPICAL TERM
- Topical term or geographic name entry element: GAS RADIATION 3-60 HEAT TRANSFER IN FLAMES 83-161 GAS PHASE RADIATIVE AND CONVECHIVE INTERACTION 173-254 MEASURMENT OF RADIATIVE AND CONVECTUIVE HEAT TRANSFER 273-332 HEAT TRANSFER IN COMBUSTION EQUIPMENT 353-508 HEAT TRANSFER IN FIRE 525-602
670 ## - SOURCE DATA FOUND
- Source citation: Work cat.: (NUST): TAINE, F. L. J, CARVALHO, M. G 67236, HEAT TRANSFER IN RADIATING AND COMBUSTING SYSTEMS, PROCEEDINGS OF EUROTHERM SEMINARS NO-17, 8-10 OCTOBER 1980 CASCIAS PORTUGAL, 1990
